[Event "Vandoeuvre op 20th"]
[Site "Vandoeuvre les Nancy"]
[Date "2024.01.03"]
[Round "1"]
[White "David, Alberto"]
[Black "Iolis, Oleg"]
[Result "1-0"]
[WhiteElo "2525"]
[BlackElo "2150"]
[PlyCount "49"]
[EventDate "2024.01.03"]
[EventType "swiss"]
[EventRounds "9"]
[EventCountry "FRA"]
[SourceTitle "CB02_2024"]
[SourceDate "2024.01.10"]
[SourceVersion "1"]
[SourceVersionDate "2024.01.10"]
[SourceQuality "1"]

1. e4 c5 2. Nf3 d6 3. Bb5+ Nd7 4. Ba4 Ngf6 5. 0-0 a6 6. c4 e6 7. Nc3 Be7 8. d4 cxd4 9. Nxd4 Qc7 10. Qe2 0-0 11. f4 d5 12. cxd5 Bc5 13. Be3 e5 14. fxe5 Nxe5 15. Nf3 Bxe3+ 16. Qxe3 Nfg4 17. Qe2 b5 18. Bb3 b4 19. Na4 Bd7 20. Nxe5 Qxe5 21. g3 f5 22. Qd2 Bxa4 23. Bxa4 fxe4 24. Bd7 e3 25. Qe2 1-0

[Event "Heusenstamm Schloss op"]
[Site "Heusenstamm"]
[Date "2023.11.24"]
[Round "2"]
[White "Iolis, Oleg"]
[Black "Nickel, Jonas"]
[Result "1/2-1/2"]
[WhiteElo "2183"]
[BlackElo "1810"]
[PlyCount "110"]
[EventDate "2023.11.23"]
[EventType "swiss"]
[EventRounds "7"]
[EventCountry "GER"]
[SourceTitle "CB50_2023"]
[SourceDate "2023.12.13"]
[SourceVersion "1"]
[SourceVersionDate "2023.12.13"]
[SourceQuality "1"]

1. e4 c5 2. Nf3 g6 3. d4 cxd4 4. Nxd4 Bg7 5. c4 Nc6 6. Be3 Nf6 7. Nc3 Ng4 8. Qxg4 Nxd4 9. Qd1 Ne6 10. Qd2 Qa5 11. Rc1 d6 12. Be2 Bd7 13. 0-0 Nc5 14. f3 Na4 15. Nxa4 Qxd2 16. Bxd2 Bxa4 17. b3 Bd7 18. b4 Bd4+ 19. Kh1 0-0 20. Bd1 Rac8 21. Bb3 Kg7 22. Rfd1 f5 23. Bg5 Bf6 24. Bxf6+ Kxf6 25. exf5 Bxf5 26. Kg1 Rc7 27. Rd4 Rfc8 28. Re1 g5 29. f4 g4 30. Kf2 Be6 31. Ree4 b5 32. cxb5 Bxb3 33. axb3 Rc2+ 34. Re2 R8c3 35. Rxc2 Rxc2+ 36. Kg3 h5 37. Rc4 Rb2 38. Rc3 e5 39. fxe5+ dxe5 40. Rc7 Rxb3+ 41. Kh4 Rxb4 42. Kxh5 Rxb5 43. Kxg4 Rb4+ 44. Kf3 a5 45. g3 a4 46. h4 Kf5 47. Rf7+ Kg6 48. Ra7 Kf5 49. Rf7+ Kg6 50. Rf8 Kg7 51. Ra8 Kg6 52. Re8 a3 53. Rxe5 Ra4 54. Re1 a2 55. Ra1 Kh5 1/2-1/2

[Event "Heusenstamm Schloss op"]
[Site "Heusenstamm"]
[Date "2023.11.24"]
[Round "3"]
[White "Weil, Michael"]
[Black "Iolis, Oleg"]
[Result "0-1"]
[WhiteElo "1882"]
[BlackElo "2183"]
[PlyCount "94"]
[EventDate "2023.11.23"]
[EventType "swiss"]
[EventRounds "7"]
[EventCountry "GER"]
[SourceTitle "CB50_2023"]
[SourceDate "2023.12.13"]
[SourceVersion "1"]
[SourceVersionDate "2023.12.13"]
[SourceQuality "1"]

1. d4 Nf6 2. Nf3 g6 3. Bg5 Bg7 4. Nbd2 d5 5. c3 0-0 6. e3 Bf5 7. Be2 c5 8. 0-0 Nc6 9. Nh4 Be6 10. Nhf3 Qb6 11. Qb3 Qc7 12. Bf4 Qc8 13. Qd1 h6 14. Ne5 Bf5 15. Nxc6 Qxc6 16. Be5 cxd4 17. exd4 Rfd8 18. h3 Rac8 19. Nf3 Bf8 20. Bd3 Bxd3 21. Qxd3 Ne4 22. Nd2 Nd6 23. Rfe1 b5 24. a3 a5 25. Rac1 h5 26. Bf4 Rd7 27. Nf3 Bg7 28. Ne5 Bxe5 29. Bxe5 Nc4 30. Re2 Nxe5 31. Rxe5 b4 32. axb4 axb4 33. g4 hxg4 34. hxg4 Kg7 35. Re3 Rdc7 36. Rh3 Qe6 37. f3 bxc3 38. bxc3 Rxc3 39. Rxc3 Qe1+ 40. Qf1 Qxc3 41. Kg2 Qxd4 42. Qe1 Rc2+ 43. Kg3 e5 44. Rh1 Qf4+ 45. Kh3 Qxf3+ 46. Kh4 g5+ 47. Kh5 Qf6 0-1

[Event "Heusenstamm Schloss op"]
[Site "Heusenstamm"]
[Date "2023.11.23"]
[Round "1"]
[White "Klein, Levent"]
[Black "Iolis, Oleg"]
[Result "1/2-1/2"]
[WhiteElo "1607"]
[BlackElo "2183"]
[PlyCount "107"]
[EventDate "2023.11.23"]
[EventType "swiss"]
[EventRounds "7"]
[EventCountry "GER"]
[SourceTitle "CB48_2023"]
[SourceDate "2023.11.29"]
[SourceVersion "1"]
[SourceVersionDate "2023.11.29"]
[SourceQuality "1"]

1. d4 Nf6 2. c4 g6 3. Nc3 d5 4. cxd5 Nxd5 5. e4 Nxc3 6. bxc3 Bg7 7. Be3 c5 8. Bb5+ Nc6 9. Bxc6+ bxc6 10. Ne2 0-0 11. 0-0 cxd4 12. cxd4 c5 13. Rc1 cxd4 14. Nxd4 Bb7 15. f3 Qa5 16. Rf2 Rac8 17. Nb3 Qa4 18. Nc5 Qxd1+ 19. Rxd1 Bc6 20. Rfd2 Rfe8 21. a4 a5 22. Bd4 Bh6 23. Rd3 Red8 24. Bf2 Rxd3 25. Rxd3 Be8 26. g3 Bg7 27. Rb3 Be5 28. f4 Bd6 29. Rc3 f6 30. Bd4 e5 31. fxe5 Bxe5 32. Bxe5 fxe5 33. Kf2 Rb8 34. Rb3 Rc8 35. Rc3 Kf7 36. Ke3 Ke7 37. Kd2 Rb8 38. Rb3 Rb4 39. Rxb4 axb4 40. Na6 b3 41. Kc3 Bxa4 42. Nc5 b2 43. Kxb2 Bc6 44. Kc3 Kf6 45. Kd3 Kg5 46. Ke3 h5 47. Nd3 Kf6 48. Nf2 Bb5 49. h4 g5 50. Nh3 gxh4 51. gxh4 Ke7 52. Ng5 Bc4 53. Nf3 Kd6 54. Ng5 1/2-1/2

[Event "Geraardsbergen op 37th"]
[Site "Geraardsbergen"]
[Date "2022.08.08"]
[Round "4"]
[White "Iolis, Oleg"]
[Black "Verlinden, Robijn"]
[Result "1-0"]
[WhiteElo "2163"]
[BlackElo "1959"]
[PlyCount "49"]
[EventDate "2022.08.07"]
[EventType "swiss"]
[EventRounds "9"]
[EventCountry "BEL"]
[SourceTitle "CBM 209 Extra"]
[Source "ChessBase"]
[SourceDate "2022.09.30"]
[SourceVersion "1"]
[SourceVersionDate "2022.09.30"]
[SourceQuality "1"]

1. e4 e5 2. Nf3 Nc6 3. Bb5 Nf6 4. d3 Bc5 5. Bxc6 dxc6 6. Nbd2 Bd6 7. Nc4 Qe7 8. Bd2 c5 9. a4 b6 10. Bc3 Nd7 11. b3 f6 12. 0-0 Nf8 13. Nh4 Ne6 14. g3 Nd4 15. f4 g6 16. fxe5 Bxe5 17. Nxe5 fxe5 18. Bxd4 cxd4 19. Qd2 a6 20. Qh6 Rg8 21. Rf2 Be6 22. Nf3 Bg4 23. Ng5 Rg7 24. Nxh7 0-0-0 25. Qg5 1-0

[Event "Poti op 15th"]
[Site "Poti"]
[Date "2022.07.23"]
[Round "8"]
[White "Manukyan, Sevak N"]
[Black "Iolis, Oleg"]
[Result "1-0"]
[WhiteElo "1903"]
[BlackElo "2184"]
[PlyCount "133"]
[EventDate "2022.07.16"]
[EventType "swiss"]
[EventRounds "9"]
[EventCountry "GEO"]
[SourceTitle "CBM 209 Extra"]
[Source "ChessBase"]
[SourceDate "2022.09.30"]
[SourceVersion "1"]
[SourceVersionDate "2022.09.30"]
[SourceQuality "1"]

1. d4 Nf6 2. c4 g6 3. g3 c6 4. Nf3 Bg7 5. Bg2 0-0 6. 0-0 d5 7. cxd5 cxd5 8. Nc3 Ne4 9. Bf4 Nc6 10. Rc1 Bg4 11. Ne5 Nxc3 12. Rxc3 Nxe5 13. dxe5 Be6 14. Rd3 Qa5 15. a3 Rfd8 16. Qd2 Qxd2 17. Rxd2 h6 18. h4 Rd7 19. Rc1 Rad8 20. Rc5 g5 21. hxg5 hxg5 22. Bxg5 Bxe5 23. Bf4 Bxf4 24. gxf4 f6 25. Rd4 Bf7 26. f5 Kf8 27. Rc3 e5 28. fxe6 Bxe6 29. Re3 Re8 30. Rf4 Rf7 31. Kf1 Rc8 32. Ke1 Rc6 33. Rxe6 Rxe6 34. Bxd5 Ke7 35. e3 Rh7 36. Bxe6 Kxe6 37. Ra4 a6 38. Rb4 b5 39. Kd2 Rc7 40. Re4+ Kd5 41. Rd4+ Ke6 42. Rd8 Rc6 43. Kd3 Rc1 44. Ra8 Rc6 45. Ke4 Rc4+ 46. Kd3 Rc6 47. Kd2 Ke5 48. Re8+ Kf5 49. f3 Rd6+ 50. Kc2 Rc6+ 51. Kd2 Rd6+ 52. Ke2 Rc6 53. Rd8 Rc1 54. Rd1 Rc2+ 55. Rd2 Rc1 56. Rd5+ Ke6 57. Rd1 Rc2+ 58. Rd2 Rc1 59. Kd3 f5 60. Rc2 Rd1+ 61. Ke2 Rd6 62. Kf2 Rb6 63. Kg3 Kd5 64. Kf4 Re6 65. b4 Kd6 66. Rc5 Rh6 67. Rxf5 1-0

[Event "Poti op 15th"]
[Site "Poti"]
[Date "2022.07.17"]
[Round "2"]
[White "Iolis, Oleg"]
[Black "Kekelidze, Mikheil"]
[Result "1-0"]
[WhiteElo "2184"]
[BlackElo "2372"]
[PlyCount "123"]
[EventDate "2022.07.16"]
[EventType "swiss"]
[EventRounds "9"]
[EventCountry "GEO"]
[SourceTitle "CBM 209 Extra"]
[Source "ChessBase"]
[SourceDate "2022.09.30"]
[SourceVersion "1"]
[SourceVersionDate "2022.09.30"]
[SourceQuality "1"]

1. e4 g6 2. d4 Bg7 3. Nc3 a6 4. Nf3 d6 5. Bg5 Nc6 6. Qd2 Bg4 7. d5 Na7 8. Be2 c5 9. 0-0 Bxf3 10. Bxf3 Nb5 11. Nxb5 axb5 12. c3 Nf6 13. Rfe1 Nd7 14. Bd1 0-0 15. a3 Re8 16. Bc2 Nb6 17. Bd3 Qd7 18. Rad1 Na4 19. Qe2 c4 20. Bb1 e5 21. dxe6 Rxe6 22. Be3 Qc6 23. Rd5 f5 24. f3 Rf8 25. Qd2 f4 26. Bf2 Be5 27. Rd1 g5 28. Bd4 h5 29. Bxe5 dxe5 30. Ba2 Kg7 31. b3 Nb6 32. bxc4 Nxd5 33. exd5 Qc5+ 34. Kh1 Ref6 35. cxb5 Qe3 36. d6 Qxd2 37. Rxd2 e4 38. d7 e3 39. d8Q Rxd8 40. Rxd8 e2 41. Re8 Rd6 42. Kg1 Rd3 43. Rxe2 Rxc3 44. Bd5 b6 45. a4 Rc5 46. Be4 Rc4 47. Ra2 g4 48. Kf2 h4 49. Bd3 g3+ 50. hxg3 fxg3+ 51. Ke3 Rb4 52. a5 bxa5 53. Rxa5 Kh6 54. Ra1 h3 55. gxh3 Kg5 56. f4+ Kh4 57. f5 g2 58. f6 Kg3 59. Rg1 Rb2 60. Be4 Rb3+ 61. Kd4 Rb4+ 62. Kd3 1-0

[Event "Wachtebeke op"]
[Site "Wachtebeke"]
[Date "2022.03.02"]
[Round "8"]
[White "Iolis, Oleg"]
[Black "Weidemann, Jakob"]
[Result "1/2-1/2"]
[WhiteElo "2185"]
[BlackElo "1996"]
[PlyCount "79"]
[EventDate "2022.02.26"]
[EventType "swiss"]
[EventRounds "9"]
[EventCountry "BEL"]
[SourceTitle "CBM 207 Extra"]
[Source "ChessBase"]
[SourceDate "2022.05.31"]
[SourceVersion "1"]
[SourceVersionDate "2022.05.31"]
[SourceQuality "1"]

1. e4 c5 2. Nf3 d6 3. d4 cxd4 4. Nxd4 Nf6 5. Nc3 g6 6. Be3 Bg7 7. f3 0-0 8. Qd2 Nc6 9. 0-0-0 d5 10. exd5 Nxd5 11. Nxc6 bxc6 12. Bd4 Bxd4 13. Qxd4 Qb6 14. Na4 Qa5 15. b3 Be6 16. Qc5 Qc7 17. Bc4 Rfd8 18. Bxd5 Bxd5 19. Qe3 f6 20. Rd2 Rd6 21. h4 Rad8 22. Rhd1 Bf7 23. Rxd6 Rxd6 24. Rxd6 exd6 25. g4 c5 26. Kb2 Kf8 27. f4 Qe7 28. Qc3 Be8 29. Qc4 Bxa4 30. Qxa4 f5 31. gxf5 gxf5 32. Qc6 Qxh4 33. Qxd6+ Qe7 34. Qd1 Qe3 35. Qd8+ Kf7 36. Qc7+ Qe7 37. Qc8 h5 38. c3 Kg6 39. Qg8+ Kh6 40. Qh8+ 1/2-1/2

[Event "Wachtebeke op"]
[Site "Wachtebeke"]
[Date "2022.02.28"]
[Round "4"]
[White "Iolis, Oleg"]
[Black "Larkin, Vladislav"]
[Result "1/2-1/2"]
[WhiteElo "2185"]
[BlackElo "2399"]
[PlyCount "62"]
[EventDate "2022.02.26"]
[EventType "swiss"]
[EventRounds "9"]
[EventCountry "BEL"]
[SourceTitle "CBM 207 Extra"]
[Source "ChessBase"]
[SourceDate "2022.05.31"]
[SourceVersion "1"]
[SourceVersionDate "2022.05.31"]
[SourceQuality "1"]

1. e4 c5 2. Nf3 e6 3. d4 cxd4 4. Nxd4 a6 5. g3 h5 6. h3 Qc7 7. Bg2 b5 8. 0-0 Bb7 9. a4 b4 10. c3 Nf6 11. Re1 Nc6 12. Bg5 Ne5 13. Qe2 h4 14. Bxh4 Rxh4 15. gxh4 Ng6 16. Nd2 Nxh4 17. Bh1 bxc3 18. Rac1 Qf4 19. Rxc3 Bb4 20. Rc2 Qg5+ 21. Kf1 e5 22. N4f3 Nxf3 23. Bxf3 a5 24. Qe3 Ba6+ 25. Be2 Qxe3 26. fxe3 Bxd2 27. Rxd2 Nxe4 28. Rd5 d6 29. Bxa6 Rxa6 30. Rb5 Kd7 31. Ke2 g5 1/2-1/2

[Event "Geraardsbergen op 36th"]
[Site "Geraardsbergen"]
[Date "2021.08.11"]
[Round "7"]
[White "Iolis, Oleg"]
[Black "Van der Stricht, Geert"]
[Result "0-1"]
[WhiteElo "2164"]
[BlackElo "2380"]
[PlyCount "94"]
[EventDate "2021.08.08"]
[EventType "swiss"]
[EventRounds "9"]
[EventCountry "BEL"]
[SourceTitle "CBM 203 Extra"]
[Source "ChessBase"]
[SourceDate "2021.09.30"]
[SourceVersion "1"]
[SourceVersionDate "2021.09.30"]
[SourceQuality "1"]

1. e4 c5 2. Nf3 d6 3. d4 cxd4 4. Nxd4 Nf6 5. Nc3 a6 6. g3 e5 7. Nde2 Be7 8. Bg2 b5 9. Nd5 Nxd5 10. Qxd5 Ra7 11. Be3 Be6 12. Qd2 Rb7 13. Nc3 Nd7 14. Nd5 Bxd5 15. Qxd5 Qc7 16. 0-0 0-0 17. Rfd1 Rfb8 18. Qd2 Qc6 19. Rac1 Rc7 20. a3 Qb7 21. b3 Rbc8 22. c3 g6 23. h3 Rc6 24. Qb2 Bd8 25. Bd2 Bb6 26. Ra1 Nf6 27. Be1 Qe7 28. a4 b4 29. Rac1 bxc3 30. Rxc3 Rxc3 31. Bxc3 Nh5 32. Rd3 Ng7 33. b4 Ne6 34. b5 Nc5 35. Rf3 Nxa4 36. Qa3 axb5 37. Bf1 Nxc3 38. Rxc3 Rxc3 39. Qxc3 Qf6 40. Qd2 Qf3 41. g4 Qg3+ 42. Bg2 b4 43. Qxb4 Qxf2+ 44. Kh2 Qf4+ 45. Kh1 Qc1+ 46. Kh2 Bg1+ 47. Kg3 Qf4+ 0-1

[Event "Basel Special op"]
[Site "Basel"]
[Date "2021.07.18"]
[Round "2"]
[White "Besou, Hussain"]
[Black "Iolis, Oleg"]
[Result "0-1"]
[WhiteElo "1834"]
[BlackElo "2155"]
[PlyCount "106"]
[EventDate "2021.07.17"]
[EventType "swiss"]
[EventRounds "6"]
[EventCountry "SUI"]
[SourceTitle "CBM 203 Extra"]
[Source "ChessBase"]
[SourceDate "2021.09.30"]
[SourceVersion "1"]
[SourceVersionDate "2021.09.30"]
[SourceQuality "1"]

1. c4 e5 2. Nc3 Nf6 3. g3 d5 4. cxd5 Nxd5 5. Bg2 Nb6 6. Nf3 Nc6 7. 0-0 Be7 8. d3 0-0 9. a3 a5 10. Be3 Be6 11. Rc1 f6 12. Na4 Nd5 13. Bc5 Bd6 14. Nd2 Nd4 15. e3 Nb5 16. Qc2 c6 17. Ne4 Be7 18. Rfd1 f5 19. Bxe7 Qxe7 20. Nec5 Bf7 21. Qe2 Rae8 22. Re1 Qc7 23. Rc2 h6 24. Qd1 Re7 25. Rc1 Qd6 26. e4 Nf6 27. exf5 Nd4 28. b4 axb4 29. axb4 Nxf5 30. Nb6 Nd4 31. Ra1 Bh5 32. Qd2 Bf3 33. Qa2+ Kh8 34. Nc4 Qc7 35. Ne3 Bxg2 36. Kxg2 Qc8 37. h3 Ref7 38. Rf1 b6 39. Nb3 Qd7 40. Nxd4 exd4 41. Nc4 Qc7 42. Qa6 Nd5 43. Qa3 Rf3 44. Qa7 Qxa7 45. Rxa7 Rxd3 46. Ne5 Rd2 47. Ng6+ Kg8 48. Nxf8 Ne3+ 49. Kg1 Nxf1 50. Ne6 Rd1 51. Rxg7+ Kh8 52. Kg2 d3 53. Rd7 d2 0-1

[Event "Pardubice Czech op-A 31st"]
[Site "Pardubice"]
[Date "2020.09.27"]
[Round "8"]
[White "Pacl, Vaclav"]
[Black "Iolis, Oleg"]
[Result "0-1"]
[WhiteElo "2007"]
[BlackElo "2173"]
[PlyCount "66"]
[EventDate "2020.09.21"]
[EventType "swiss"]
[EventRounds "9"]
[EventCountry "CZE"]
[SourceTitle "CBM 198 Extra"]
[Source "ChessBase"]
[SourceDate "2020.11.30"]
[SourceVersion "1"]
[SourceVersionDate "2020.11.30"]
[SourceQuality "1"]

1. Nf3 c5 2. b3 d6 3. e3 e5 4. d4 cxd4 5. exd4 e4 6. Nfd2 d5 7. c4 Nf6 8. Bb2 Nc6 9. c5 g6 10. Na3 Bh6 11. Nc2 Ng4 12. Qe2 f5 13. 0-0-0 0-0 14. h3 Nf6 15. g3 Nh5 16. Qe1 f4 17. g4 Nf6 18. f3 Re8 19. Qh4 Bg7 20. Rh2 h6 21. Qe1 g5 22. Nb1 exf3 23. Qc3 Bxg4 24. hxg4 Nxg4 25. Rhd2 Re3 26. Nxe3 fxe3 27. Rd3 e2 28. Bxe2 fxe2 29. Re1 Nf2 30. Rf3 Nd1 31. Qd3 Nxb2 32. Kxb2 Nxd4 33. Rf2 Nf3+ 0-1

[Event "Pardubice Czech op-A 31st"]
[Site "Pardubice"]
[Date "2020.09.22"]
[Round "2"]
[White "Arkell, Keith C"]
[Black "Iolis, Oleg"]
[Result "1-0"]
[WhiteElo "2429"]
[BlackElo "2173"]
[PlyCount "161"]
[EventDate "2020.09.21"]
[EventType "swiss"]
[EventRounds "9"]
[EventCountry "CZE"]
[SourceTitle "CBM 198 Extra"]
[Source "ChessBase"]
[SourceDate "2020.11.30"]
[SourceVersion "1"]
[SourceVersionDate "2020.11.30"]
[SourceQuality "1"]

1. c4 e5 2. Nc3 Nf6 3. g3 d5 4. cxd5 Nxd5 5. Bg2 Nb6 6. Nf3 Nc6 7. a3 a5 8. 0-0 Be7 9. d3 0-0 10. Be3 Be6 11. Rc1 Nd5 12. Bd2 Nxc3 13. Bxc3 Bf6 14. b4 axb4 15. axb4 Nd4 16. Bxd4 exd4 17. Nd2 c6 18. Ne4 Be7 19. Rb1 Qb6 20. Nc5 Bc8 21. Qc2 Qa7 22. Rfc1 Re8 23. Bf3 Bg5 24. Rd1 Qa2 25. Qxa2 Rxa2 26. b5 cxb5 27. h4 Be7 28. Rxb5 Rc2 29. Nxb7 g6 30. Na5 Rc5 31. Rxc5 Bxc5 32. Rc1 Bb4 33. Nb3 Bc3 34. Nc5 Kg7 35. Ne4 Bb4 36. Rc4 Be7 37. Rxd4 Be6 38. Ng5 Bb3 39. Ne4 Rd8 40. Rxd8 Bxd8 41. Nc5 Ba2 42. d4 Kf6 43. Ne4+ Ke7 44. Nc3 Bb3 45. Kg2 h5 46. e3 Ba5 47. Ne4 Bb4 48. Nc5 Bc4 49. Bb7 Kd6 50. Kf3 Bxc5 51. dxc5+ Kxc5 52. Kf4 Kd6 53. Kg5 Ke7 54. f3 Bb3 55. Be4 Be6 56. Bd3 Bd5 57. e4 Bb3 58. f4 Bd1 59. f5 gxf5 60. exf5 f6+ 61. Kg6 Bf3 62. Bc4 Bd1 63. Bg8 Be2 64. Bh7 Bg4 65. Kg7 Bf3 66. Bg6 Bg4 67. Bh7 Bf3 68. Bg8 Bg4 69. Bf7 Bf3 70. Bc4 Bd1 71. Bg8 Be2 72. Bf7 Bf3 73. Bg6 Bg4 74. Kh6 Kd6 75. Bxh5 Bxf5 76. Bg6 Bg4 77. Kg7 Ke5 78. h5 Bxh5 79. Bxh5 Kf5 80. Kh6 Ke4 81. Kg6 1-0

[Event "SVK-ch Amateur"]
[Site "Topolcany"]
[Date "2020.07.12"]
[Round "4"]
[White "Blaho, Stefan"]
[Black "Iolis, Oleg"]
[Result "0-1"]
[WhiteElo "2054"]
[BlackElo "2166"]
[PlyCount "50"]
[EventDate "2020.07.10"]
[EventType "swiss"]
[EventRounds "7"]
[EventCountry "SVK"]
[SourceTitle "EXT 2021"]
[Source "ChessBase"]
[SourceDate "2020.10.23"]
[SourceVersion "1"]
[SourceVersionDate "2020.10.23"]
[SourceQuality "1"]

1. d4 Nf6 2. Bf4 g6 3. Nc3 d5 4. e3 Bg7 5. h4 c6 6. Be2 h5 7. Nf3 b5 8. Ne5 Qb6 9. 0-0 a5 10. Bf3 Nbd7 11. Re1 0-0 12. a3 Ra7 13. e4 dxe4 14. Nxe4 Nd5 15. Nc5 Nxf4 16. Nxc6 Nxc5 17. dxc5 Qxc5 18. b4 axb4 19. Nxa7 Qxa7 20. Ra2 Be6 21. Rxe6 Nxe6 22. Qd5 bxa3 23. Qxb5 Nd4 24. Qb4 Nxf3+ 25. gxf3 Ra8 0-1

[Event "Charleroi op"]
[Site "Roux"]
[Date "2019.07.28"]
[Round "2"]
[White "Iolis, Oleg"]
[Black "Bruno, Ricardo"]
[Result "0-1"]
[WhiteElo "2178"]
[BlackElo "2007"]
[PlyCount "78"]
[EventDate "2019.07.27"]
[EventType "swiss"]
[EventRounds "9"]
[EventCountry "BEL"]
[SourceTitle "CBM 191 Extra"]
[Source "ChessBase"]
[SourceDate "2019.09.30"]
[SourceVersion "1"]
[SourceVersionDate "2019.09.30"]
[SourceQuality "1"]

1. e4 c5 2. Nf3 d6 3. d4 cxd4 4. Nxd4 Nf6 5. Nc3 g6 6. Be3 Nc6 7. f3 Bg7 8. Qd2 0-0 9. g4 Bd7 10. 0-0-0 Qa5 11. Kb1 Rac8 12. h4 Ne5 13. Nd5 Qxd2 14. Nxe7+ Kh8 15. Rxd2 Rce8 16. g5 Rxe7 17. gxf6 Bxf6 18. h5 d5 19. hxg6 fxg6 20. Nb3 dxe4 21. Bc5 exf3 22. Bxe7 Bxe7 23. Nd4 g5 24. Nxf3 Rxf3 25. Bg2 Bc6 26. Re1 Bf6 27. Rd6 Kg7 28. Bxf3 Bxf3 29. Re6 Nc4 30. b3 Na3+ 31. Kc1 Nb5 32. c4 Nd4 33. Rd6 g4 34. Rf1 Bg5+ 35. Kb2 Bf6 36. Kc1 h5 37. Kd2 h4 38. Kd3 h3 39. Rf2 g3 0-1

[Event "Wachtebeke-B"]
[Site "Wachtebeke"]
[Date "2019.03.05"]
[Round "6"]
[White "Iolis, Oleg"]
[Black "Hummel, Joop"]
[Result "0-1"]
[WhiteElo "2214"]
[BlackElo "2009"]
[PlyCount "96"]
[EventDate "2019.03.02"]
[EventType "tourn"]
[EventRounds "9"]
[EventCountry "BEL"]
[SourceTitle "CBM 189 Extra"]
[Source "ChessBase"]
[SourceDate "2019.06.03"]
[SourceVersion "1"]
[SourceVersionDate "2019.06.03"]
[SourceQuality "1"]

1. e4 c5 2. Nf3 d6 3. d4 cxd4 4. Nxd4 Nf6 5. Nc3 a6 6. g3 e6 7. Bg2 Be7 8. 0-0 0-0 9. g4 Nc6 10. Nxc6 bxc6 11. Na4 Qa5 12. c4 Nxg4 13. Qxg4 Qxa4 14. b3 Qa5 15. Bb2 e5 16. Qg3 f5 17. f4 Bf6 18. fxe5 Bxe5 19. Bxe5 dxe5 20. exf5 Bxf5 21. Qe3 Qc7 22. Rad1 Rae8 23. c5 Bg6 24. Rd6 Rxf1+ 25. Bxf1 e4 26. Bxa6 Bf7 27. Be2 Bd5 28. b4 Bxa2 29. Qd4 Qe7 30. Qe3 Bd5 31. b5 Rc8 32. Bg4 Rb8 33. b6 Rxb6 34. cxb6 Qxd6 35. b7 Qb4 36. Bc8 c5 37. Qg5 Qe1+ 38. Kg2 Qe2+ 39. Kg1 Qd1+ 40. Kf2 Qf3+ 41. Kg1 Qd1+ 42. Kf2 Qd4+ 43. Ke1 Bxb7 44. Be6+ Kf8 45. Qf4+ Ke7 46. Qf7+ Kd6 47. Bc4 Qc3+ 48. Kd1 Qf3+ 0-1

[Event "Wachtebeke-B"]
[Site "Wachtebeke"]
[Date "2019.03.04"]
[Round "4"]
[White "Iolis, Oleg"]
[Black "Van Malder, Dries"]
[Result "1/2-1/2"]
[WhiteElo "2214"]
[BlackElo "2125"]
[PlyCount "126"]
[EventDate "2019.03.02"]
[EventType "tourn"]
[EventRounds "9"]
[EventCountry "BEL"]
[SourceTitle "CBM 189 Extra"]
[Source "ChessBase"]
[SourceDate "2019.06.03"]
[SourceVersion "1"]
[SourceVersionDate "2019.06.03"]
[SourceQuality "1"]

1. e4 c5 2. Nf3 Nc6 3. d4 cxd4 4. Nxd4 Qb6 5. Nb3 Nf6 6. Nc3 e6 7. Be3 Qc7 8. Qf3 a6 9. 0-0-0 Be7 10. h4 d6 11. h5 0-0 12. Qg3 Kh8 13. h6 g6 14. Bg5 b5 15. a3 Bb7 16. Qf4 Ne8 17. Bxe7 Qxe7 18. Rh3 Ne5 19. Na5 Rb8 20. Nxb7 Rxb7 21. Qd2 Rc7 22. f4 Nc4 23. Bxc4 Rxc4 24. g4 Nf6 25. Qxd6 Qxd6 26. Rxd6 Nxe4 27. Nxe4 Rxe4 28. Rf3 a5 29. Ra6 a4 30. Rb6 Rd8 31. Rd3 Rc8 32. Rbd6 Rf8 33. R3d4 Rxd4 34. Rxd4 Rc8 35. Rd7 Kg8 36. Rb7 Kf8 37. Rxb5 Ke7 38. Rb4 Ra8 39. g5 Kd6 40. Rb7 Rf8 41. Ra7 e5 42. Ra6+ Kd5 43. Ra5+ Ke4 44. Rxa4+ Kf5 45. fxe5 Kxg5 46. b4 Kf4 47. b5+ Kxe5 48. b6 Kd5 49. Rb4 Kc5 50. Kd2 f5 51. Ke3 Rb8 52. b7 Kc6 53. Kf4 Rxb7 54. Rxb7 Kxb7 55. c4 Kb6 56. a4 Kc6 57. a5 Kc5 58. Ke5 Kc6 59. a6 f4 60. Kxf4 Kb6 61. Ke5 Kxa6 62. Kd6 Kb7 63. Kd7 Kb6 1/2-1/2

[Event "Benidorm op U2300 17th"]
[Site "Benidorm"]
[Date "2018.12.04"]
[Round "5"]
[White "Iolis, Oleg"]
[Black "Lopez del Alamo, Antonio"]
[Result "0-1"]
[WhiteElo "2141"]
[BlackElo "2241"]
[PlyCount "78"]
[EventDate "2018.11.30"]
[EventType "swiss"]
[EventRounds "10"]
[EventCountry "ESP"]
[SourceTitle "EXT 2022"]
[Source "ChessBase"]
[SourceDate "2021.10.06"]
[SourceVersion "1"]
[SourceVersionDate "2021.10.06"]
[SourceQuality "1"]

1. e4 c5 2. Nf3 d6 3. d4 cxd4 4. Nxd4 Nf6 5. Nc3 e6 6. Be2 Be7 7. 0-0 0-0 8. Be3 a6 9. f4 Qc7 10. Bf3 Nc6 11. Qe1 Nxd4 12. Bxd4 e5 13. Be3 exf4 14. Bd4 Be6 15. Qd2 Nd7 16. Qxf4 Bf6 17. Bxf6 Nxf6 18. Kh1 Nd7 19. Rac1 Ne5 20. Nd5 Bxd5 21. exd5 Qb6 22. b3 Rac8 23. Be4 Rc3 24. Rce1 Qc5 25. a4 g6 26. Qg5 Qc8 27. Rf4 f5 28. Bd3 Qd8 29. Qg3 Nxd3 30. cxd3 Rxb3 31. Rc4 Rf7 32. h3 Kg7 33. Re6 Qb6 34. Kh2 Rb1 35. d4 f4 36. Qh4 Qb3 37. Rc8 Qd1 38. Rxg6+ Kxg6 39. Rg8+ Kf5 0-1

[Event "Ghent Eastman op 41st"]
[Site "Ghent"]
[Date "2018.07.15"]
[Round "4"]
[White "Iolis, Oleg"]
[Black "Abolianin, Arthur"]
[Result "0-1"]
[WhiteElo "2151"]
[BlackElo "2327"]
[PlyCount "162"]
[EventDate "2018.07.14"]
[EventType "swiss"]
[EventRounds "9"]
[EventCountry "BEL"]
[SourceTitle "CBM 185 Extra"]
[Source "ChessBase"]
[SourceDate "2018.07.29"]
[SourceVersion "1"]
[SourceVersionDate "2018.07.29"]
[SourceQuality "1"]

1. e4 g6 2. d4 Nf6 3. Nc3 c6 4. Be3 d6 5. f3 Qb6 6. Qc1 Nbd7 7. a4 Qa5 8. Nh3 h6 9. Be2 Bg7 10. 0-0 Nf8 11. Nf2 e5 12. dxe5 dxe5 13. Nd3 Ne6 14. b4 Qc7 15. a5 Nd4 16. Bd1 Be6 17. Na4 Rd8 18. Rf2 Nd7 19. c3 Nb5 20. Nac5 Nxc5 21. Nxc5 Bc4 22. Bb3 Nd6 23. Rd2 b6 24. axb6 axb6 25. Rxd6 Qxd6 26. Bxc4 bxc5 27. Bxc5 Qb8 28. Ra7 Rd7 29. Rxd7 Kxd7 30. Qd1+ Ke8 31. Qa4 Qb7 32. b5 Bf8 33. Be3 cxb5 34. Bxb5+ Ke7 35. c4 Kf6 36. c5 Be7 37. c6 Qc7 38. h3 Bd6 39. Ba6 Ra8 40. Qb5 g5 41. Kh2 Qe7 42. Bb6 Kg7 43. Qc4 Qf6 44. c7 Bxc7 45. Bxc7 Rxa6 46. Qc3 Qf4+ 47. Kg1 Re6 48. Kf2 Qf6 49. Qa5 Qe7 50. Bb6 Qd7 51. Be3 f6 52. Kg3 Qb7 53. h4 Qf7 54. Kg4 Qd7 55. Kg3 Re8 56. h5 Rb8 57. Qc5 Rb2 58. Qc3 Re2 59. Bb6 Qf7 60. Qc7 Qxc7 61. Bxc7 Rc2 62. Bb8 Kf7 63. Bd6 Rd2 64. Bb4 Rb2 65. Bc5 Rc2 66. Bb4 Rc8 67. Kg4 Ke6 68. Ba3 Ra8 69. Bb4 Ra4 70. Bf8 f5+ 71. Kg3 fxe4 72. fxe4 Rxe4 73. Bxh6 Kf5 74. Bg7 Rh4 75. h6 e4 76. Kf2 Rh1 77. Ke3 g4 78. Bf8 Rh2 79. Bg7 g3 80. Kd4 Rxg2 81. h7 Rh2 0-1